US States that Contain the letter E - Statistics

General Stats
  • This quiz has been taken 190 times
  • The average score is 19 of 20
Answers on the Map
Answers color-coded by a green-red scale on the quiz's map according to % correct below.
 
Answer Stats
Answer % Correct
New York
100%
Nevada
99%
New Mexico
99%
Pennsylvania
99%
Texas
99%
Maine
98%
New Hampshire
98%
Tennessee
98%
New Jersey
97%
West Virginia
97%
Georgia
96%
Kentucky
96%
Vermont
96%
Rhode Island
95%
Delaware
94%
Nebraska
94%
Oregon
94%
Connecticut
92%
Minnesota
89%
Massachusetts
85%
No matching quizzes found
Score Distribution
Percent of People with Each Score
Percentile by Number Answered
Your Score History
You have not taken this quiz